00489 a2200169 450000100060000002000180000604000220002410000170004624000440006324500390010730000070014636200090015365000220016294200070018495201110019199900170030258415 a9788508114955 cAnchieta - Pituba aRangel, Malu10aFeito bala perdida e outros poemaslpor10aFeito bala perdida e outros poemas a940 a2008 4aPoesia brasileira cBK 00104070a91.1b91.1d2023-11-21l0o869.91 A994f AZE FEIp8981/PITr2023-11-21 18:26:13w2023-11-21yBK c58415d58415